000
00467nam a2200181Ia 4500
008
090124s9999 xx 000 0 und d
082
_b
130048
100
_a
ओशो (रजनीश)
245
_a
नवी पहाट
250
_a
1
260
_c
2001
300
_a
193+4
600
_a
ओशो (रजनीश)
630
_a
नवी पहाट
700
_a
ओशो (रजनीश)
730
_a
नवी पहाट
942
_c
BOOK
999
_c
176137
_d
176137